|
|
|
|
| LEADER |
00000nam0a2200000 4500 |
| 001 |
33514 |
| 005 |
20231101210153.0 |
| 035 |
|
|
|a (RuTPU)RU\TPU\book\33860
|
| 035 |
|
|
|a BOOK00000511
|
| 090 |
|
|
|a 33514
|
| 100 |
|
|
|a 20011210d1982 km y0rusy50 ca
|
| 101 |
0 |
|
|a rus
|
| 102 |
|
|
|a RU
|
| 105 |
|
|
|a a z 001zy
|
| 200 |
1 |
|
|a Функциональные аналоговые интегральные микросхемы
|f В. Л. Шило
|
| 210 |
|
|
|a Москва
|c Радио и связь
|d 1982
|
| 215 |
|
|
|a 128 с.
|c схем.
|
| 320 |
|
|
|a Библиогр.: с. 125-127.
|
| 606 |
1 |
|
|a Микросхемотехника
|2 stltpush
|3 (RuTPU)RU\TPU\subj\43763
|9 63206
|
| 610 |
1 |
|
|a интегральные микросхемы
|
| 610 |
1 |
|
|a интегральные таймеры
|
| 610 |
1 |
|
|a фазовая автоподстройка
|
| 610 |
1 |
|
|a схемы
|
| 610 |
1 |
|
|a применение
|
| 610 |
1 |
|
|a развитие
|
| 610 |
1 |
|
|a схемотехника
|
| 610 |
1 |
|
|a преобразователи
|
| 675 |
|
|
|a 621.382.049.77
|v 3
|
| 700 |
|
1 |
|a Шило
|b В. Л.
|g Валерий Леонидович
|
| 801 |
|
0 |
|a RU
|b 63413507
|c 20011210
|g PSBO
|
| 801 |
|
2 |
|a RU
|b 63413507
|c 20201027
|g PSBO
|
| 900 |
|
|
|a Электроника и микроэлектроника
|
| 942 |
|
|
|c BK
|